00778nam a2200229ua 450000100060000000300080000600500170001400800410003103500200007204000260009204100080011808200240012610000280015024500450017826000460022330000250026950000200029465000660031494200120038099900170039295201390040962199BD-RjUL20211209081044.0170123s1966 enk 001 0 eng  a(BD-RjUL) 62324 aBD-RjULcBD-RjULbeng aeng 223a823.6bSPN 19661 aSpearman, Diana918500014aThe novel and society /cDiana Spearman. aLondon :bRoutledge & Kegan Paul,cc1966. avi, 256 p. ;c23 cm. aIncludes Index. 0aEnglish fictiony18th centuryxHistory and criticism.9185001 2ddccBK c62199d62199 00102ddc40718NFICaRUCLbRUCLcReadingd1970-08-18eZeitlingerg40.00l0o823.6 SPN 1966r2017-01-23 00:00:00tC-1w2017-01-23yBK